[Event "WC-2019-S-00003"]
[Site "LSS email"]
[Date "2019.08.28"]
[Round "?"]
[White "Miettinen, Kristo"]
[Black "Susla, Vitaliy"]
[Result "1/2-1/2"]
[WhiteElo "2314"]
[BlackElo "2334"]
[PlyCount "121"]
[EventDate "2019.09.01"]
[EventType "tourn (corr)"]
[EventRounds "12"]
[EventCountry "GER"]
[SourceTitle "Corr 2024"]
[Source "ChessBase"]
[SourceDate "2023.10.19"]
[SourceVersion "1"]
[SourceVersionDate "2023.10.19"]
[SourceQuality "1"]

1. e4 c5 2. Nf3 d6 3. Bb5+ Nd7 4. 0-0 a6 5. Bd3 Ngf6 6. c3 e5 7. Bc2 b5 8. d4 Be7 9. h3 0-0 10. Re1 Qc7 11. Be3 a5 12. Nbd2 a4 13. Nf1 Bb7 14. Ng3 g6 15. d5 c4 16. Qd2 Rfe8 17. a3 Nc5 18. Rad1 Nb3 19. Qe2 Bf8 20. Nh2 h5 21. Ngf1 Nc5 22. Nd2 Bc8 23. Rf1 Bg7 24. f4 exf4 25. Rxf4 Nfd7 26. Nhf3 Rf8 27. Rf1 Nb3 28. Ne1 Nxd2 29. Qxd2 f6 30. R4f2 Ne5 31. Bf4 Bd7 32. Nf3 Kh7 33. Kh1 Rae8 34. Nd4 Qb6 35. Qe3 Qd8 36. Re2 Qc7 37. Kg1 Qd8 38. Rd1 Qb6 39. Rf2 Kg8 40. Qd2 Qd8 41. Kh1 Kh7 42. Rdf1 Qe7 43. Qe3 Rg8 44. Qg3 Rgf8 45. Qe3 Qd8 46. Rg1 Qc8 47. Nf3 Qb7 48. Bxe5 fxe5 49. Rgf1 Bh6 50. Ng5+ Kg8 51. Qg3 Bg4 52. hxg4 Bxg5 53. gxh5 Qe7 54. Bd1 Rf4 55. Rxf4 exf4 56. Qh3 Qxe4 57. hxg6 Re7 58. Bg4 Qxg6 59. Be6+ Kg7 60. Kg1 Qe4 61. Qf3 1/2-1/2

[Event "WC-2018-S-00002"]
[Site "LSS email"]
[Date "2018.07.11"]
[Round "?"]
[White "Contreras, Juan A"]
[Black "Miettinen, Kristo"]
[Result "1/2-1/2"]
[WhiteElo "2352"]
[BlackElo "2289"]
[PlyCount "129"]
[EventDate "2018.07.15"]
[EventType "tourn (corr)"]
[EventRounds "12"]
[EventCountry "GER"]
[SourceTitle "Corr 2024"]
[Source "ChessBase"]
[SourceDate "2023.10.19"]
[SourceVersion "1"]
[SourceVersionDate "2023.10.19"]
[SourceQuality "1"]

1. d4 Nf6 2. c4 c6 3. Nf3 d5 4. Nc3 dxc4 5. a4 Bf5 6. e3 Nbd7 7. Bxc4 e6 8. 0-0 Bb4 9. Qe2 0-0 10. e4 Bg6 11. Bd3 h6 12. h3 Re8 13. Bf4 a6 14. Rac1 Qe7 15. Bb1 Rac8 16. Rfd1 Red8 17. Bh2 Bh7 18. Bg3 Nh5 19. Bh2 Nhf6 20. e5 Nd5 21. Bxh7+ Kxh7 22. Bg3 Qf8 23. Ne4 Kg8 24. Nfd2 Rc7 25. Nc4 N7b6 26. Bh4 Rdd7 27. b3 Nc8 28. Kh2 b5 29. Ne3 Nce7 30. Qg4 Rc8 31. Nxd5 Nxd5 32. Rd3 Rdc7 33. Rb1 Kh8 34. Qf3 Kg8 35. Qg4 Kh8 36. Qf3 Rd7 37. Ra1 Kh7 38. g4 g6 39. Bf6 Kg8 40. Rg1 bxa4 41. bxa4 c5 42. dxc5 Bxc5 43. Rgd1 Bb6 44. Rb3 Bc7 45. Qd3 Nb6 46. Nd6 Rb8 47. Rc1 Bxd6 48. exd6 Rxd6 49. Qxa6 Ra8 50. Qe2 Rxa4 51. Bb2 Nd5 52. Rb7 Ra8 53. Qe5 f6 54. Qe4 Qe8 55. Rc5 Rad8 56. Qc2 Kh8 57. Kg1 Kg8 58. Bc1 Ne7 59. Bb2 Nd5 60. Ra7 e5 61. Qe4 Nb6 62. Kh2 R6d7 63. Rb7 Rxb7 64. Qxb7 Nd7 65. Rc7 1/2-1/2

[Event "WC-2018-S-00002"]
[Site "LSS email"]
[Date "2018.07.11"]
[Round "?"]
[White "Miettinen, Kristo"]
[Black "Felicio, Clairton"]
[Result "1/2-1/2"]
[WhiteElo "2289"]
[BlackElo "2363"]
[PlyCount "84"]
[EventDate "2018.07.15"]
[EventType "tourn (corr)"]
[EventRounds "12"]
[EventCountry "GER"]
[SourceTitle "Corr 2024"]
[Source "ChessBase"]
[SourceDate "2023.10.19"]
[SourceVersion "1"]
[SourceVersionDate "2023.10.19"]
[SourceQuality "1"]

1. e4 c6 2. Nc3 d5 3. Nf3 Nf6 4. e5 Ne4 5. Ne2 Qb6 6. d4 e6 7. Ng3 c5 8. c3 Nc6 9. Bd3 Nxg3 10. hxg3 cxd4 11. cxd4 Bd7 12. Kf1 h6 13. g4 Nb4 14. Be2 Rc8 15. Bd2 Bb5 16. Bc3 Be7 17. a3 Bxe2+ 18. Qxe2 Nc6 19. Qd2 Qa6+ 20. Kg1 Kd7 21. g3 Qa4 22. Re1 Kc7 23. Kg2 Kb8 24. g5 h5 25. Qf4 Rcf8 26. Rh4 Rh7 27. Qd2 g6 28. Reh1 Rfh8 29. Nh2 Rd8 30. g4 a5 31. Nf3 Rdh8 32. Qd3 Qb3 33. Nd2 Qb6 34. f4 Qd8 35. Nf3 Qg8 36. gxh5 Rxh5 37. Rxh5 gxh5 38. Nh4 Qh7 39. Qxh7 Rxh7 40. Bd2 Nxd4 41. Bxa5 Bc5 42. Bd2 Rh8 1/2-1/2

[Event "WC-2018-S-00002"]
[Site "LSS email"]
[Date "2018.07.11"]
[Round "?"]
[White "Miettinen, Kristo"]
[Black "Kudr, Roman"]
[Result "1/2-1/2"]
[WhiteElo "2289"]
[BlackElo "2330"]
[PlyCount "101"]
[EventDate "2018.07.15"]
[EventType "tourn (corr)"]
[EventRounds "12"]
[EventCountry "GER"]
[SourceTitle "Corr 2024"]
[Source "ChessBase"]
[SourceDate "2023.10.19"]
[SourceVersion "1"]
[SourceVersionDate "2023.10.19"]
[SourceQuality "1"]

1. e4 c5 2. Nf3 Nc6 3. Bb5 g6 4. 0-0 Bg7 5. Bxc6 bxc6 6. Re1 Nh6 7. c3 0-0 8. Qa4 e5 9. d3 Qc7 10. h3 d6 11. d4 cxd4 12. cxd4 exd4 13. Nxd4 c5 14. Nb5 Qb6 15. N1c3 Bd7 16. Qc4 d5 17. exd5 Rfb8 18. Na3 Nf5 19. Qf1 Re8 20. Rxe8+ Rxe8 21. Nc4 Qb7 22. Bf4 Bxc3 23. bxc3 Qxd5 24. Ne3 Qe4 25. Bg5 h5 26. Nxf5 Qxf5 27. Be3 Re5 28. Qb1 Kg7 29. Qb7 Qe6 30. Qb8 Rxe3 31. fxe3 Qxe3+ 32. Kh2 Qxc3 33. Rb1 Be6 34. Qb2 Qxb2 35. Rxb2 h4 36. Kg1 a6 37. a4 Kf6 38. Rb6 Ke5 39. Rxa6 c4 40. a5 Bd5 41. Kf2 c3 42. Ra7 Kd6 43. Ke3 Kc6 44. a6 Kb6 45. Rd7 c2 46. Kd2 Bxg2 47. a7 c1Q+ 48. Kxc1 Bb7 49. Rxf7 Kxa7 50. Rg7 Ka8 51. Rg8+ 1/2-1/2

[Event "WC-2018-P-00002"]
[Site "LSS email"]
[Date "2018.01.22"]
[Round "?"]
[White "Miettinen, Kristo"]
[Black "Trani, Francesco"]
[Result "1-0"]
[WhiteElo "2291"]
[BlackElo "1647"]
[PlyCount "81"]
[EventDate "2018.02.01"]
[EventType "tourn (corr)"]
[EventRounds "12"]
[EventCountry "GER"]
[SourceTitle "Corr 2022"]
[Source "ChessBase"]
[SourceDate "2021.10.24"]
[SourceVersion "1"]
[SourceVersionDate "2021.10.24"]
[SourceQuality "1"]

1. e4 c5 2. Nf3 e6 3. Nc3 Nc6 4. Bb5 Nge7 5. 0-0 a6 6. Bxc6 Nxc6 7. d4 cxd4 8. Nxd4 Bb4 9. Nxc6 dxc6 10. Qxd8+ Kxd8 11. Rd1+ Ke7 12. e5 Bxc3 13. bxc3 f6 14. Rd3 b5 15. Ba3+ Kf7 16. Bc5 a5 17. Rd6 Ra6 18. Re1 Kg6 19. Re3 h6 20. Rg3+ Kf7 21. h4 fxe5 22. Rg4 g5 23. Rd3 Kg6 24. Rf3 Ra8 25. Re4 Rd8 26. h5+ Kh7 27. Rf7+ Kg8 28. Rf6 Kg7 29. Rg6+ Kh7 30. Rxe5 Rd1+ 31. Kh2 Bd7 32. Bd4 Re8 33. Rf6 Re7 34. Rf8 Kg7 35. Ra8 Kf7 36. Rh8 c5 37. Rxc5 e5 38. Bxe5 Re6 39. Bd4 Rd6 40. Rc7 R1xd4 41. cxd4 1-0

[Event "WC-2018-P-00002"]
[Site "LSS email"]
[Date "2018.01.22"]
[Round "?"]
[White "Trani, Francesco"]
[Black "Miettinen, Kristo"]
[Result "0-1"]
[WhiteElo "1647"]
[BlackElo "2291"]
[PlyCount "82"]
[EventDate "2018.02.01"]
[EventType "tourn (corr)"]
[EventRounds "12"]
[EventCountry "GER"]
[SourceTitle "Corr 2022"]
[Source "ChessBase"]
[SourceDate "2021.10.24"]
[SourceVersion "1"]
[SourceVersionDate "2021.10.24"]
[SourceQuality "1"]

1. c4 e5 2. g3 Nc6 3. Bg2 f5 4. Nc3 g6 5. d3 Bg7 6. e4 d6 7. Nd5 fxe4 8. dxe4 Nd4 9. Bg5 Qxg5 10. Nxc7+ Kf7 11. Nxa8 Qd8 12. Ne2 Nxe2 13. Qxe2 Be6 14. f4 exf4 15. gxf4 Qxa8 16. f5 Bd7 17. Rf1 Qd8 18. 0-0-0 Be5 19. fxg6+ Kg7 20. gxh7 Rxh7 21. Kb1 Be6 22. h4 Qb6 23. Rc1 Rxh4 24. Qd2 Ne7 25. Rf3 Ng6 26. Rb3 Qc6 27. Qe3 b6 28. Rc2 Qc5 29. Qc1 Rg4 30. a3 Qd4 31. Rbc3 Nf4 32. Rd2 Qc5 33. b4 Qc6 34. Bf3 Rg3 35. Qe1 Ng6 36. Re3 Bf4 37. Rc2 Ne5 38. Qf2 Qa4 39. Rec3 Nxc4 40. Ra2 Qb5 41. Rb3 Ne5 0-1

[Event "WC-2017-S-00004"]
[Site "LSS email"]
[Date "2017.06.07"]
[Round "?"]
[White "Miettinen, Kristo"]
[Black "Bobykin, Kirill Mikhailovich"]
[Result "0-1"]
[WhiteElo "2301"]
[BlackElo "2498"]
[PlyCount "124"]
[EventDate "2017.06.15"]
[EventType "tourn (corr)"]
[EventRounds "12"]
[EventCountry "GER"]
[SourceTitle "Corr 2022"]
[Source "ChessBase"]
[SourceDate "2021.10.24"]
[SourceVersion "1"]
[SourceVersionDate "2021.10.24"]
[SourceQuality "1"]

1. e4 e5 2. Nf3 Nc6 3. Bb5 Nf6 4. 0-0 Nxe4 5. d4 Nd6 6. Bxc6 dxc6 7. dxe5 Nf5 8. Qe2 Nd4 9. Nxd4 Qxd4 10. h3 Be6 11. Rd1 Qc4 12. Rd3 Qh4 13. Nd2 Be7 14. Rg3 0-0-0 15. Nf3 Qc4 16. Qxc4 Bxc4 17. Bg5 Bxg5 18. Nxg5 h6 19. Ne4 Rd4 20. f3 g6 21. c3 Rdd8 22. b3 Be6 23. f4 a5 24. Kf2 b6 25. Ke2 c5 26. Nf6 Kb7 27. Re3 c4 28. bxc4 Bxc4+ 29. Ke1 h5 30. a3 Kc6 31. Rb1 Be6 32. Ke2 h4 33. Rb2 Bc4+ 34. Ke1 Ba6 35. Rf2 Bc8 36. Rb2 Be6 37. Ke2 b5 38. Ne4 Rhf8 39. Nf6 Kc5 40. Ne4+ Kc6 41. Nf6 Ra8 42. Ne4 Rfd8 43. Nd2 Rd7 44. Nb3 Bxb3 45. Rxb3 Rad8 46. e6 fxe6 47. Rb2 Kc5 48. Rxe6 Rd6 49. Re4 Rd3 50. f5 gxf5 51. Rf4 c6 52. a4 Rg3 53. Kf2 Rdg8 54. Kg1 Rf8 55. Rc2 Re3 56. axb5 Re1+ 57. Kf2 Re4 58. Rf3 cxb5 59. g4 f4 60. Ra2 a4 61. Ra1 Kc4 62. g5 Re3 0-1

[Event "WC-2017-S-00003"]
[Site "LSS email"]
[Date "2017.05.17"]
[Round "?"]
[White "Contreras, Juan A"]
[Black "Miettinen, Kristo"]
[Result "1/2-1/2"]
[WhiteElo "2345"]
[BlackElo "2306"]
[PlyCount "48"]
[EventDate "2017.06.01"]
[EventType "tourn (corr)"]
[EventRounds "12"]
[EventCountry "GER"]
[SourceTitle "Corr 2024"]
[Source "ChessBase"]
[SourceDate "2023.10.19"]
[SourceVersion "1"]
[SourceVersionDate "2023.10.19"]
[SourceQuality "1"]

1. d4 Nf6 2. Nf3 g6 3. c4 Bg7 4. Nc3 d5 5. Qb3 dxc4 6. Qxc4 0-0 7. e4 a6 8. e5 b5 9. Qb3 Nfd7 10. e6 fxe6 11. Be3 Nf6 12. a4 b4 13. Qxb4 Nc6 14. Qa3 Nd5 15. Bc4 Rb8 16. 0-0 Na5 17. Ba2 Nb4 18. Rac1 Nxa2 19. Qxa2 Rf5 20. Rcd1 Rxf3 21. gxf3 Qf8 22. b4 Rxb4 23. Rb1 c5 24. Ne4 Qxf3 1/2-1/2

[Event "WC-2017-S-00003"]
[Site "LSS email"]
[Date "2017.05.17"]
[Round "?"]
[White "Miettinen, Kristo"]
[Black "Dos Santos, M A"]
[Result "1-0"]
[WhiteElo "2306"]
[BlackElo "2333"]
[PlyCount "99"]
[EventDate "2017.06.01"]
[EventType "tourn (corr)"]
[EventRounds "12"]
[EventCountry "GER"]
[SourceTitle "Corr 2024"]
[Source "ChessBase"]
[SourceDate "2023.10.19"]
[SourceVersion "1"]
[SourceVersionDate "2023.10.19"]
[SourceQuality "1"]

1. e4 e5 2. Nf3 Nc6 3. Bb5 a6 4. Ba4 Nf6 5. 0-0 Be7 6. Re1 b5 7. Bb3 d6 8. c3 0-0 9. h3 Nb8 10. d3 Nbd7 11. Nbd2 Bb7 12. Nf1 Nc5 13. Bc2 Re8 14. Ng3 Bf8 15. Be3 Ncd7 16. a4 c5 17. d4 exd4 18. cxd4 Nxe4 19. Bxe4 Bxe4 20. Bg5 Bxf3 21. Bxd8 Bxd1 22. Rxe8 Bxa4 23. Rae1 g6 24. Bg5 Rxe8 25. Rxe8 f6 26. Be3 cxd4 27. Bxd4 b4 28. Ne2 Kf7 29. Rc8 Ne5 30. Be3 Nc6 31. Nf4 Be7 32. Bd2 g5 33. Nd5 a5 34. Nxe7 Kxe7 35. Rc7+ Ke6 36. Rxh7 Ne5 37. Ra7 Bb3 38. f4 Nc4 39. Bc1 gxf4 40. h4 Bd1 41. Rh7 Ne5 42. h5 Bc2 43. Rc7 Be4 44. b3 Nd3 45. h6 Kd5 46. Re7 Bg6 47. Bd2 Nc5 48. Bxf4 Nxb3 49. Ra7 Kc5 50. Rf7 1-0

[Event "WC-2017-S-00003"]
[Site "LSS email"]
[Date "2017.05.17"]
[Round "?"]
[White "Susla, Vitaliy"]
[Black "Miettinen, Kristo"]
[Result "1/2-1/2"]
[WhiteElo "2381"]
[BlackElo "2306"]
[PlyCount "55"]
[EventDate "2017.06.01"]
[EventType "tourn (corr)"]
[EventRounds "12"]
[EventCountry "GER"]
[SourceTitle "Corr 2024"]
[Source "ChessBase"]
[SourceDate "2023.10.19"]
[SourceVersion "1"]
[SourceVersionDate "2023.10.19"]
[SourceQuality "1"]

1. d4 Nf6 2. c4 g6 3. Nc3 d5 4. cxd5 Nxd5 5. e4 Nxc3 6. bxc3 Bg7 7. Be3 c5 8. Rc1 Qa5 9. Qd2 0-0 10. Nf3 Rd8 11. d5 e6 12. Bg5 Rd6 13. Bf4 Rd8 14. Be2 exd5 15. exd5 Nd7 16. 0-0 Nb6 17. c4 Qxd2 18. Nxd2 Bf5 19. g4 Re8 20. Be3 Bd7 21. h3 Na4 22. Bf3 b6 23. Ne4 Nb2 24. Nd6 Red8 25. Bg5 Ba4 26. Ne4 Nd3 27. Bxd8 Rxd8 28. Rc3 1/2-1/2

[Event "WC-2017-S-00003"]
[Site "LSS email"]
[Date "2017.05.17"]
[Round "?"]
[White "Szabo, Vilmos"]
[Black "Miettinen, Kristo"]
[Result "1/2-1/2"]
[WhiteElo "2414"]
[BlackElo "2306"]
[PlyCount "96"]
[EventDate "2017.06.01"]
[EventType "tourn (corr)"]
[EventRounds "12"]
[EventCountry "GER"]
[SourceTitle "Corr 2024"]
[Source "ChessBase"]
[SourceDate "2023.10.19"]
[SourceVersion "1"]
[SourceVersionDate "2023.10.19"]
[SourceQuality "1"]

1. Nf3 Nf6 2. d4 g6 3. c4 Bg7 4. Nc3 d5 5. Qb3 dxc4 6. Qxc4 0-0 7. e4 a6 8. Be2 b5 9. Qb3 Nc6 10. e5 Be6 11. Qc2 Nd5 12. 0-0 Bf5 13. Qd1 Qd7 14. h3 Rfd8 15. Nxd5 Qxd5 16. Be3 f6 17. exf6 Bxf6 18. Qe1 Be4 19. Bd1 Kh8 20. Qd2 a5 21. Rc1 Qxa2 22. Re1 Ra6 23. Ng5 Bd5 24. Be2 a4 25. Bxb5 Rb6 26. Qe2 a3 27. Bxc6 axb2 28. Bxd5 Qxd5 29. Rb1 Bxg5 30. Bxg5 Qxg5 31. Rxb2 Rxd4 32. Ra2 Rd7 33. Ra8+ Kg7 34. Qc4 e5 35. Rg8+ Kh6 36. Re4 Rd1+ 37. Kh2 Rd4 38. Rxd4 exd4 39. Qxd4 Rf6 40. g3 Rf7 41. Kg2 Qb5 42. Qe3+ Qg5 43. Qe6 Qe7 44. Qc4 Qf6 45. Qc2 Qe5 46. Qd1 Qf5 47. Qd2+ Qg5 48. Qd3 Qc5 1/2-1/2

[Event "WC-2016-Q-00010"]
[Site "LSS email"]
[Date "2016.08.29"]
[Round "?"]
[White "Lovakovic, Franjo"]
[Black "Miettinen, Kristo"]
[Result "1/2-1/2"]
[WhiteElo "2430"]
[BlackElo "2304"]
[PlyCount "83"]
[EventDate "2016.09.03"]
[EventType "tourn (corr)"]
[EventRounds "12"]
[EventCountry "GER"]
[SourceTitle "Corr 2022"]
[Source "ChessBase"]
[SourceDate "2021.10.24"]
[SourceVersion "1"]
[SourceVersionDate "2021.10.24"]
[SourceQuality "1"]

1. d4 Nf6 2. c4 e6 3. Nf3 Bb4+ 4. Nbd2 0-0 5. a3 Be7 6. e4 d5 7. e5 Nfd7 8. Bd3 c5 9. 0-0 Nc6 10. Re1 a5 11. Nb3 dxc4 12. Bxc4 a4 13. Nxc5 Nxc5 14. dxc5 Qxd1 15. Rxd1 Bxc5 16. Bb5 h6 17. Bf4 Ne7 18. Rac1 b6 19. h3 Bb7 20. Rd7 Bxf3 21. gxf3 g5 22. Be3 Ng6 23. Bxc5 bxc5 24. Rxc5 Ra5 25. Rb7 Rd8 26. f4 Rd1+ 27. Kg2 Nh4+ 28. Kh2 Rd2 29. fxg5 hxg5 30. Kg3 Nf5+ 31. Kg2 Rxb2 32. Bxa4 Rxf2+ 33. Kxf2 Rxc5 34. Be8 Nh6 35. a4 Kf8 36. Bb5 Nf5 37. a5 Nd4 38. Rb8+ Kg7 39. Be8 Rxa5 40. Rb7 Ra2+ 41. Kf1 Ra8 42. Rxf7+ 1/2-1/2

[Event "WC-2016-Q-00010"]
[Site "LSS email"]
[Date "2016.08.29"]
[Round "?"]
[White "Miettinen, Kristo"]
[Black "Fritsche, Frank"]
[Result "1/2-1/2"]
[WhiteElo "2304"]
[BlackElo "2347"]
[PlyCount "79"]
[EventDate "2016.09.03"]
[EventType "tourn (corr)"]
[EventRounds "12"]
[EventCountry "GER"]
[SourceTitle "Corr 2022"]
[Source "ChessBase"]
[SourceDate "2021.10.24"]
[SourceVersion "1"]
[SourceVersionDate "2021.10.24"]
[SourceQuality "1"]

1. e4 c5 2. Nf3 Nc6 3. d4 cxd4 4. Nxd4 Nf6 5. Nc3 e5 6. Ndb5 d6 7. Bg5 a6 8. Na3 Be6 9. Nc4 Rc8 10. Bxf6 Qxf6 11. Nb6 Rb8 12. Ncd5 Qd8 13. c3 Be7 14. a4 Bg5 15. Bc4 0-0 16. 0-0 g6 17. Qe2 Kh8 18. Rad1 f5 19. exf5 gxf5 20. Kh1 f4 21. b4 Rf7 22. g3 Qe8 23. gxf4 exf4 24. Nc7 Rxc7 25. Bxe6 Re7 26. Qg4 Rxe6 27. Qxg5 Ne7 28. Nd5 Qc6 29. b5 Qc5 30. c4 Nxd5 31. Qxd5 Qxd5+ 32. Rxd5 f3 33. h3 Re4 34. bxa6 bxa6 35. Rxd6 Rxc4 36. Rxa6 Rh4 37. Kh2 Rg8 38. Rg1 Rxg1 39. Kxg1 Rxh3 40. Rf6 1/2-1/2

[Event "WC-2016-S-00002"]
[Site "LSS email"]
[Date "2016.07.28"]
[Round "?"]
[White "Dvoinikov, Andrej"]
[Black "Miettinen, Kristo"]
[Result "1-0"]
[WhiteElo "2531"]
[BlackElo "2304"]
[PlyCount "87"]
[EventDate "2016.08.03"]
[EventType "tourn (corr)"]
[EventRounds "12"]
[EventCountry "GER"]
[SourceTitle "Corr 2022"]
[Source "ChessBase"]
[SourceDate "2021.10.24"]
[SourceVersion "1"]
[SourceVersionDate "2021.10.24"]
[SourceQuality "1"]

1. e4 e5 2. Nf3 Nc6 3. Bb5 a6 4. Ba4 Nf6 5. 0-0 Be7 6. Re1 b5 7. Bb3 0-0 8. a4 b4 9. d3 Bc5 10. c3 bxc3 11. bxc3 Rb8 12. Nbd2 d6 13. h3 h6 14. a5 Be6 15. Bc2 Re8 16. Nb3 Ba7 17. d4 Qc8 18. d5 Bxh3 19. gxh3 Qxh3 20. Be3 Bxe3 21. Rxe3 Ng4 22. Rd3 Ne7 23. Qf1 Qh5 24. Qg2 Ng6 25. Nh2 Nxh2 26. Qxh2 Qg4+ 27. Qg3 Qxe4 28. Rd2 Qc4 29. Nc1 Rb2 30. Ra4 Qb5 31. Qd3 Rb8 32. Re2 Qd7 33. Qf5 Qxf5 34. Bxf5 R2b5 35. Re1 Nf4 36. Nd3 Nxd3 37. Bxd3 Rxd5 38. Bf1 Rc5 39. Rea1 Ra8 40. Rc4 Rxc4 41. Bxc4 Kf8 42. Rb1 Ke7 43. Rb7 Kd7 44. Bd5 1-0

[Event "WC-2016-S-00002"]
[Site "LSS email"]
[Date "2016.07.28"]
[Round "?"]
[White "Sadowski, Marek"]
[Black "Miettinen, Kristo"]
[Result "1/2-1/2"]
[WhiteElo "2244"]
[BlackElo "2304"]
[PlyCount "102"]
[EventDate "2016.08.03"]
[EventType "tourn (corr)"]
[EventRounds "12"]
[EventCountry "GER"]
[SourceTitle "Corr 2022"]
[Source "ChessBase"]
[SourceDate "2021.10.24"]
[SourceVersion "1"]
[SourceVersionDate "2021.10.24"]
[SourceQuality "1"]

1. d4 Nf6 2. c4 e6 3. Nc3 Bb4 4. e3 0-0 5. Bd3 d5 6. Nf3 b6 7. Qc2 dxc4 8. Bxc4 Bb7 9. 0-0 c5 10. dxc5 Bxc5 11. b3 Nbd7 12. Rd1 a6 13. a4 Qe7 14. Bb2 Rfc8 15. Rac1 h6 16. h3 Rd8 17. Bd3 Ba3 18. Bxa3 Qxa3 19. Nd2 Ne5 20. Nc4 Nxc4 21. Bxc4 Qc5 22. Rd2 Qg5 23. Bf1 Qc5 24. Qb2 Qe7 25. Rxd8+ Rxd8 26. b4 Rd6 27. Be2 Qd7 28. Bf1 Kf8 29. a5 Rd2 30. Qa1 b5 31. Ne2 Qd6 32. Qc3 e5 33. Ng3 g6 34. f3 Kg7 35. h4 h5 36. e4 Ne8 37. Ne2 Kg8 38. Kf2 Rd3 39. Qc5 Qf6 40. Kg1 Rd7 41. Rc3 Ng7 42. Nc1 Ne6 43. Qf2 Qe7 44. Nd3 Rd4 45. g3 Kg7 46. Qb2 Qd6 47. Qc2 Kh7 48. Kh1 Nd8 49. Rc5 Nc6 50. Qc3 Kg7 51. Kg1 Ba8 1/2-1/2

[Event "WC-2015-Q-00011"]
[Site "LSS email"]
[Date "2015.09.08"]
[Round "?"]
[White "Krueger, Hilmar"]
[Black "Miettinen, Kristo"]
[Result "0-1"]
[WhiteElo "2284"]
[BlackElo "2298"]
[PlyCount "48"]
[EventDate "2015.09.15"]
[EventType "tourn (corr)"]
[EventRounds "12"]
[EventCountry "GER"]
[SourceTitle "Corr 2022"]
[Source "ChessBase"]
[SourceDate "2021.10.24"]
[SourceVersion "1"]
[SourceVersionDate "2021.10.24"]
[SourceQuality "1"]

1. e4 e5 2. Nf3 Nc6 3. Bc4 Nf6 4. Ng5 Bc5 5. Nxf7 Bxf2+ 6. Kf1 Qe7 7. Nxh8 Bb6 8. d3 d5 9. exd5 Bg4 10. Qd2 0-0-0 11. d6 cxd6 12. Nf7 Rf8 13. Nc3 Nd4 14. Ke1 Rxf7 15. Bxf7 e4 16. Kf1 Qxf7 17. Qf4 Ne6 18. Nxe4 Kb8 19. Qxd6+ Bc7 20. Ng5 Qg6 21. Qa3 Qf5+ 22. Nf3 Bxf3 23. Be3 a5 24. h3 Bg3 0-1

[Event "WC-2015-Q-00011"]
[Site "LSS email"]
[Date "2015.09.08"]
[Round "?"]
[White "Miettinen, Kristo"]
[Black "Dard, Michel"]
[Result "1/2-1/2"]
[WhiteElo "2298"]
[BlackElo "2270"]
[PlyCount "89"]
[EventDate "2015.09.15"]
[EventType "tourn (corr)"]
[EventRounds "12"]
[EventCountry "GER"]
[SourceTitle "Corr 2022"]
[Source "ChessBase"]
[SourceDate "2021.10.24"]
[SourceVersion "1"]
[SourceVersionDate "2021.10.24"]
[SourceQuality "1"]

1. e4 e5 2. Nf3 Nc6 3. Bb5 a6 4. Bxc6 dxc6 5. 0-0 f6 6. d4 exd4 7. Nxd4 c5 8. Nb3 Qxd1 9. Rxd1 Bg4 10. f3 Be6 11. Bf4 c4 12. Nd4 0-0-0 13. Nc3 Bf7 14. Nf5 Rxd1+ 15. Rxd1 g6 16. Nd4 Bc5 17. Be3 Ne7 18. Nf5 Bb4 19. Nxe7+ Bxe7 20. Nd5 Bxd5 21. Rxd5 Rd8 22. Rxd8+ Kxd8 23. Kf2 Kd7 24. g4 g5 25. f4 gxf4 26. Bxf4 a5 27. e5 a4 28. Ke3 fxe5 29. Bxe5 c5 30. Ke4 Ke6 31. c3 Bh4 32. a3 Be1 33. Bf4 b5 34. Bc1 b4 35. axb4 cxb4 36. Kd4 bxc3 37. bxc3 Bh4 38. Kxc4 Be7 39. Bf4 Bf6 40. h3 a3 41. Bc1 a2 42. Bb2 Bd8 43. Kb3 Kd5 44. Kxa2 Kc4 45. Kb1 1/2-1/2

[Event "WC-2015-Q-00011"]
[Site "LSS email"]
[Date "2015.09.08"]
[Round "?"]
[White "Miettinen, Kristo"]
[Black "Kudr, Roman"]
[Result "1/2-1/2"]
[WhiteElo "2298"]
[BlackElo "2124"]
[PlyCount "60"]
[EventDate "2015.09.15"]
[EventType "tourn (corr)"]
[EventRounds "12"]
[EventCountry "GER"]
[SourceTitle "Corr 2022"]
[Source "ChessBase"]
[SourceDate "2021.10.24"]
[SourceVersion "1"]
[SourceVersionDate "2021.10.24"]
[SourceQuality "1"]

1. e4 e5 2. Nf3 Nf6 3. d4 Nxe4 4. Bd3 d5 5. Nxe5 Be6 6. 0-0 Nd7 7. f4 f5 8. c4 Nxe5 9. fxe5 dxc4 10. Bxe4 fxe4 11. Nc3 c6 12. Nxe4 Be7 13. Kh1 Qd5 14. Nc3 Qd7 15. Bg5 0-0-0 16. Bxe7 Qxe7 17. Ne4 Rd5 18. Rf4 Rf8 19. Nd6+ Kc7 20. Qd2 Rxf4 21. Qxf4 g5 22. Qf2 c5 23. dxc5 Bd7 24. Nxc4 Qxc5 25. Qf1 Bb5 26. Rc1 Kb8 27. h3 a6 28. e6 Bxc4 29. Qxc4 Qxc4 30. Rxc4 Re5 1/2-1/2

[Event "WC-2014-Q-00010"]
[Site "LSS email"]
[Date "2014.11.12"]
[Round "?"]
[White "Miettinen, Kristo"]
[Black "Novak, Joze"]
[Result "1/2-1/2"]
[WhiteElo "2262"]
[BlackElo "2349"]
[PlyCount "73"]
[EventDate "2014.11.20"]
[EventType "tourn (corr)"]
[EventRounds "12"]
[EventCountry "GER"]
[SourceTitle "Corr 2022"]
[Source "ChessBase"]
[SourceDate "2021.10.24"]
[SourceVersion "1"]
[SourceVersionDate "2021.10.24"]
[SourceQuality "1"]

1. e4 c5 2. Nf3 e6 3. d4 cxd4 4. Nxd4 a6 5. c4 Nf6 6. Nc3 Bb4 7. Bd3 Nc6 8. Nc2 Bxc3+ 9. bxc3 d5 10. exd5 exd5 11. 0-0 Be6 12. c5 Qc7 13. Bg5 Nd7 14. f4 f6 15. Nd4 Nxc5 16. Nxe6 Nxe6 17. Re1 0-0 18. Rxe6 Nd8 19. Re1 fxg5 20. Qh5 g6 21. Qxg5 Qc5+ 22. Kh1 Nf7 23. Qg3 Qxc3 24. Rac1 Qg7 25. Bc2 Nd6 26. Bb3 Nc4 27. Red1 Qb2 28. h3 b5 29. Qf3 Kh8 30. Qxd5 Ne3 31. Qd4+ Qxd4 32. Rxd4 Rfd8 33. Rxd8+ Rxd8 34. Rc3 Nf5 35. g4 Nd4 36. Rd3 a5 37. a3 1/2-1/2

[Event "WC-2014-Q-00010"]
[Site "LSS email"]
[Date "2014.11.12"]
[Round "?"]
[White "Miettinen, Kristo"]
[Black "Szabo, Mihaly"]
[Result "1-0"]
[WhiteElo "2262"]
[BlackElo "2409"]
[PlyCount "71"]
[EventDate "2014.11.20"]
[EventType "tourn (corr)"]
[EventRounds "12"]
[EventCountry "GER"]
[SourceTitle "Corr 2022"]
[Source "ChessBase"]
[SourceDate "2021.10.24"]
[SourceVersion "1"]
[SourceVersionDate "2021.10.24"]
[SourceQuality "1"]

1. e4 c6 2. Nc3 d5 3. Nf3 Nf6 4. e5 Ne4 5. Ne2 Qb6 6. d4 e6 7. Ng3 c5 8. c3 Nc6 9. Bd3 cxd4 10. Nxe4 dxe4 11. Bxe4 dxc3 12. bxc3 Qa6 13. Bf4 Bd7 14. Bd3 Qa5 15. 0-0 Rd8 16. Rb1 b6 17. Qe2 Be7 18. a4 Qxa4 19. g3 Na5 20. Nd4 Qa3 21. Be3 0-0 22. Rfc1 Rde8 23. Qd2 Kh8 24. c4 Bc5 25. Rc3 Qa4 26. g4 Nc6 27. Bc2 Nxd4 28. Bxd4 Qa5 29. Bxh7 Kxh7 30. Rh3+ Kg8 31. Qc2 g6 32. Qc1 Qa2 33. Bxc5 bxc5 34. Ra1 Qxa1 35. Qxa1 Kg7 36. Qxa7 1-0